00482nam a2200157 a 450000500170000000800410001704100080005804400070006611000680007324500560014126000270019730000110022465000310023565000380026665000200030420140221155337.0140221b1993 ck ||||| |||| 00| 0 spa d aspa ack bInstituto Colombiano para el Fomento de la Educación Superior aDirectorio de instituciones ambientales de Colombia aBogotábICFESc1993? a149 p. aOrganizaciones ambientales aOrganizaciones no gubernamentales aCabildos verdes